000 00317nam a22001337a 4500
005 20250901165817.0
008 250402b |||||||| |||| 00| 0 eng d
020 _a9789966226013
050 _aPR 8704 .M35 2007
245 _aIMA FA IMA
_cMAKORI JOSPHAT
260 _aNAIROBI
_bJKF
_c2007
300 _a144
942 _2lcc
999 _c9528
_d9528